000 00575nam a2200193Ia 4500
003 GCL
008 140319s9999 xx 000 0 ara d
040 _aGCL /
_cGCL
082 0 4 _a231
_bع هـ
100 1 _aعكاشة عبدالمنان الطيبى
245 1 0 _aهؤلاء فى النار /
_cعكاشة عبدالمنان الطيبى
260 _a[S.N] :
_bمكتبة التراث الاسلامى ،
_c1989
300 _a94 ص
490 _a
650 0 4 _aسور وايات
650 0 4 _aاحكام الشريعة
650 0 4 _aالقران
942 _2ddc
_cBK
999 _c53343
_d53343